| 000 | 01576cam a2200289 i 4500 | ||
|---|---|---|---|
| 999 |
_c57476 _d57476 |
||
| 001 | 19792333 | ||
| 005 | 20221107171936.0 | ||
| 008 | 170718s2018 paua 001 0 eng c | ||
| 010 | _a 2017287646 | ||
| 020 | _a9780323474047 X | ||
| 020 | _a0323474047 X | ||
| 020 | _a9780323474047 X | ||
| 080 | _a612 D-80 | ||
| 082 | 0 | 0 |
_a612 _223 |
| 100 | 1 |
_aDrake, Richard L. _q(Richard Lee), _d1950- _eauthor. _98774 |
|
| 245 | 1 | 0 |
_aGray's basic anatomy / _cRichard L. Drake, PhD, FAA, Director of Anatomy, Professor of Surgery, Cleveland Clinic Lerner College of Medicine, Case Western Reserve University, Cleveland, Ohio, A. Wayne Vogl, PhD, FAA, Professor of Anatomy and Cell Biology, Department of Cellular and Physiological Sciences, Faculty of Medicine, University of British Columbia, Vancouver, British Columbia, Adam W.M. Mitchell, MBBS, FRCS, FRCR, Consultant Radiologist, Chelsea and Westminister Hospital, Honorary Senior Lecturer Imperial College, London, UK ; illustrations by Richard Tibbitts and Paul Richardson ; photographs by Ansell Horn. |
| 250 | _aSecond edition. | ||
| 264 | 1 |
_aPhiladelphia, PA : _bElsevier, _c[2018] |
|
| 300 |
_axx, 615 pages : _bcolor illustrations ; _c28 cm |
||
| 650 | 1 | 2 |
_aAnatomy. _0https://id.nlm.nih.gov/mesh/D000715 _98776 |
| 650 | 7 |
_aHuman anatomy. _2fast _0(OCoLC)fst00962785 _98775 |
|
| 653 | _aადამიანის ანატომია | ||
| 653 | _aმედიცინა | ||
| 700 | 1 |
_aVogl, Wayne, _eავტორი _98777 |
|
| 700 | 1 |
_aMitchell, Adam W. M, _eავტორი _98422 |
|
| 942 |
_2udc _cBK |
||